| Tag |
First Indicator |
Second Indicator |
Subfields |
| LEADER |
00000cam a2200000 a 4500 |
| 001 |
in00000975813 |
| 005 |
20150927111555.0 |
| 008 |
900430s1990 nyua b 00110 eng |
| 010 |
|
|
|a 90003457
|
| 020 |
|
|
|a 0824783999 (alk. paper)
|
| 035 |
|
|
|a (OCoLC)21523964
|
| 035 |
|
|
|9 AEW1823AM
|
| 040 |
|
|
|a DLC
|c DLC
|d TXA
|d UtOrBLW
|
| 049 |
|
|
|a TXAM
|
| 050 |
0 |
0 |
|a TP245.S5
|b S34 1990
|
| 082 |
0 |
0 |
|a 665.5/3827
|2 20
|
| 100 |
1 |
|
|a Scherzer, Julius,
|d 1928-
|
| 245 |
1 |
0 |
|a Octane-enhancing, zeolitic FCC catalysts :
|b scientific and technical aspects /
|c Julius Scherzer.
|
| 264 |
|
1 |
|a New York :
|b M. Dekker,
|c [1990]
|
| 264 |
|
4 |
|c ©1990
|
| 300 |
|
|
|a vii, 249 pages :
|b illustrations ;
|c 23 cm.
|
| 336 |
|
|
|a text
|b txt
|2 rdacontent
|
| 337 |
|
|
|a unmediated
|b n
|2 rdamedia
|
| 338 |
|
|
|a volume
|b nc
|2 rdacarrier
|
| 490 |
1 |
|
|a Chemical industries ;
|v v. 42
|
| 504 |
|
|
|a Includes bibliographical references (pages 183-200) and index.
|
| 650 |
|
0 |
|a Zeolites.
|
| 650 |
|
0 |
|a Catalytic cracking.
|
| 830 |
|
0 |
|a Chemical industries ;
|v v. 42.
|
| 999 |
|
|
|a MARS
|
| 999 |
f |
f |
|s ad2b3138-9256-3666-a4ad-0a5dcfd0004b
|i f07933d2-e1ee-30a0-8c03-0896bfbcf45f
|t 0
|
| 952 |
f |
f |
|p ric
|a Texas A&M University
|b Rellis Campus
|c Joint Library Facility
|d Remote Storage
|t 0
|e TP245.S5 S34 1990
|h Library of Congress classification
|i unmediated -- volume
|m A14814040051
|
| 998 |
f |
f |
|a TP245.S5 S34 1990
|t 0
|l Remote Storage
|